000
00232nam a22001217a 4500
040
_c
HS
082
_a
338
100
_a
NA
245
_a
បច្ចេកវិជ្ជា
260
_a
NA
_b
NA
_c
NA
300
_a
115p;
942
_c
KB
999
_c
9757
_d
9757